Люблю Діброву (Запис № 377130)

МАРК-запис
000 -LEADER
fixed length control field 00725nam a22002417a 4500
001 - CONTROL NUMBER
control field 90853
003 - CONTROL NUMBER IDENTIFIER
control field UA-OsUOA
005 - DATE AND TIME OF LATEST TRANSACTION
control field 20210621223500.0
007 - PHYSICAL DESCRIPTION FIXED FIELD--GENERAL INFORMATION
fixed length control field ta
008 - FIXED-LENGTH DATA ELEMENTS--GENERAL INFORMATION
fixed length control field 20121120b un ||||| |||| 00| 0 ukr d
040 ## - CATALOGING SOURCE
Original cataloging agency UA-OsUOA
Language of cataloging ukr
Transcribing agency UA-OsUOA
Modifying agency UA-OsUOA
041 ## - LANGUAGE CODE
Language code of text/sound track or separate title ukr
080 ## - UNIVERSAL DECIMAL CLASSIFICATION NUMBER
Universal Decimal Classification number 821.161.2
090 ## - LOCALLY ASSIGNED LC-TYPE CALL NUMBER (OCLC); LOCAL CALL NUMBER (OCLC)
Classification number (OCLC) (R) ; Classification number, CALL (RLIN) (NR) 821.161.2
Local cutter number (OCLC) ; Book number/undivided call number, CALL (RLIN) П18
100 ## - MAIN ENTRY--PERSONAL NAME
Personal name Парфанович С.
245 ## - TITLE STATEMENT
Title Люблю Діброву
Remainder of title нариси і оповідання
260 ## - PUBLICATION, DISTRIBUTION, ETC. (IMPRINT)
Place of publication, distribution, etc Дітройт
Name of publisher, distributor, etc Видання автора
Date of publication, distribution, etc 1959
300 ## - PHYSICAL DESCRIPTION
Extent 128 с.
650 #7 - SUBJECT ADDED ENTRY--TOPICAL TERM
Topical term or geographic name as entry element 82 Література. Літературознавство
Source of heading or term UDC
942 ## - ADDED ENTRY ELEMENTS (KOHA)
Koha item type Книги
Source of classification or shelving scheme Universal Decimal Classification
955 ## - COPY-LEVEL INFORMATION (RLIN)
Classification number, CCAL (RLIN) Літературно-художні видання
Фонди
Withdrawn status Lost status Source of classification or shelving scheme Damaged status Not for loan Home library Current library Date acquired Inventory number Total Checkouts Full call number Barcode Date last seen Price effective from Koha item type Source of acquisition Cost, normal purchase price
Withdrawn   Universal Decimal Classification     АБ - Абонемент НБ АБ - Абонемент НБ 20/11/2012 58376   821.161.2 П18 58376 13/07/2019 20/11/2012 Книги    
    Universal Decimal Classification     АБ - Абонемент НБ АБ - Абонемент НБ 20/11/2012 58377   821.161.2 П18 58377 04/04/2022 20/11/2012 Книги    
    Universal Decimal Classification     АБ - Абонемент НБ АБ - Абонемент НБ 20/11/2012 58378   821.161.2 П18 58378 04/04/2022 20/11/2012 Книги    
    Universal Decimal Classification     Наукова бібліотека ІДУД Наукова бібліотека ІДУД 31/08/2017 2139296   82-3 П18 2139296 15/09/2019 31/08/2017 Книги 335/2017 1.00